Ecología da saúde mental : uma nova perspectiva interdisciplinar /

Salvato in:
Dettagli Bibliografici
Autore principale: Infante, Raffaele
Natura: Sconosciuto
Lingua:Portuguese
Pubblicazione: Rio de Janeiro, Brasil : Editora UFRJ, 1989.
Soggetti:
Tags: Aggiungi Tag
Nessun Tag, puoi essere il primo ad aggiungerne!!

MARC

LEADER 000000000a22000000004500
001 014697
041 0 |a por 
082 0 4 |a 616.89   |b I43e 
100 1 |a Infante, Raffaele 
245 1 0 |a Ecología da saúde mental :   |b uma nova perspectiva interdisciplinar /   |c Raffaele Infante. 
260 1 |a Rio de Janeiro, Brasil :   |b Editora UFRJ,   |c 1989. 
300 |a 197 páginas. Serie Seminários 
650 4 |a SALUD MENTAL 
650 4 |a ASPECTOS AMBIENTALES 
650 4 |a ENFERMEDADES AMBIENTALES 
999 |c 20573  |d 20573 
942 |c BK  |h 616.89 I43e  |2 z